Návrh systému talent manažmentu v podmienkach FREMACH TRNAVA, s.r.o.
Salvato in:
| Autore principale: | |
|---|---|
| Altri autori: | |
| Natura: | Manoscritto Libro |
| Lingua: | slovacco |
| Pubblicazione: |
2020
|
| Soggetti: | |
| Accesso online: | http://is.stuba.sk/zp/portal_zp.pl?podrobnosti=151386 |
| Tags: |
Nessun Tag, puoi essere il primo ad aggiungerne!!
|
MARC
| LEADER | 00000ntm a22000003a 4500 | ||
|---|---|---|---|
| 001 | stuzp78395 | ||
| 003 | SK-STU | ||
| 005 | 20200704212054.8 | ||
| 007 | ta | ||
| 008 | 150427s2015----xo-----f-mn---000-0-slo-d | ||
| 040 | |a STU |b slo | ||
| 041 | 0 | |a slo | |
| 100 | 1 | |a Domanická, Petra |u 064000 |k Z4 |4 aut |U MTF Materiálovotechnologická fakulta |T MTF Ústav priemyselného inžinierstva a manažmentu |X 80263 |U M4000 |Y 84 |7 80263 | |
| 242 | 0 | 1 | |a Proposal to improve the talent management system in conditions of FREMACH TRNAVA, s.r.o. |y eng |
| 245 | 1 | 0 | |a Návrh systému talent manažmentu v podmienkach FREMACH TRNAVA, s.r.o. |
| 260 | |c 2020 | ||
| 650 | 4 | |a talent manažment |2 slo | |
| 650 | 4 | |a talent |2 slo | |
| 650 | 4 | |a proces talent manažmentu |2 slo | |
| 650 | 4 | |a talent management |2 eng | |
| 650 | 4 | |a talent |2 eng | |
| 650 | 4 | |a talent management process |2 eng | |
| 700 | 1 | |a Holeček, Jaroslav |u 064000 |k Z1 |4 ths |U MTF Materiálovotechnologická fakulta |T MTF Ústav priemyselného inžinierstva a manažmentu |X 53298 |U M4000 |Y 84 |7 A000053298 | |
| 856 | 4 | |u http://is.stuba.sk/zp/portal_zp.pl?podrobnosti=151386 | |
| 996 | |c M* DP-14186 |l MMSKP |s P |a 0 |w stuzp78395_0001 | ||